000
00331nam a2200145Ia 4500
005
20251222175930.0
008
251222s9999||||xx |||||||||||||| ||spa||
020
_a
8422621967
082
_a
813.54/S36
100
_a
Segal, Erich
245
0
_a
La Promoción
250
_a
1ra.ed.
264
_b
Círculo de Lectores
942
_c
LIB
999
_c
41012
_d
41012